Southville International School and Colleges
Your cart is empty.
  • Cart
  • Lists
    Public lists Eva Luna New books Lux_list list_1
    Your lists Log in to create your own lists
  • Log in to your account
  • Your cookies
  • Search history
Southville International School and Colleges
  • Advanced search
  • Recent comments
  • Most popular
  • Libraries

Log in to your account

Log in with GOOGLE


If you do not have an external account, but do have a local account, you can still log in:

  1. Home
  2. MARC view: The Productivity project :
Normal view MARC view ISBD view

The Productivity project : (Record no. 363195)

[ view plain ]
MARC details
000 -LEADER
fixed length control field 00629nam a2200229Ia 4500
008 - FIXED-LENGTH DATA ELEMENTS--GENERAL INFORMATION
fixed length control field 200601s9999 xx 000 0 und d
020 ## - INTERNATIONAL STANDARD BOOK NUMBER
International Standard Book Number 978-1-101-90405-3
050 ## - LIBRARY OF CONGRESS CALL NUMBER
Classification number MAIN BF 637.T5
050 ## - LIBRARY OF CONGRESS CALL NUMBER
Item number .B35 2016
100 ## - MAIN ENTRY--PERSONAL NAME
Personal name Bailey, Chris.
245 #4 - TITLE STATEMENT
Title The Productivity project :
245 #0 - TITLE STATEMENT
Remainder of title accomplishing more by managing your time, attention, and energy /
245 #0 - TITLE STATEMENT
Statement of responsibility, etc Chris Bailey.
260 ## - PUBLICATION, DISTRIBUTION, ETC. (IMPRINT)
Place of publication, distribution, etc New York :
260 ## - PUBLICATION, DISTRIBUTION, ETC. (IMPRINT)
Name of publisher, distributor, etc Currency,
260 ## - PUBLICATION, DISTRIBUTION, ETC. (IMPRINT)
Date of publication, distribution, etc 2016
300 ## - PHYSICAL DESCRIPTION
Extent 292 pages :
300 ## - PHYSICAL DESCRIPTION
Dimensions 20 cm.
650 ## - SUBJECT ADDED ENTRY--TOPICAL TERM
Topical term or geographic name as entry element Industrial productivity.
650 ## - SUBJECT ADDED ENTRY--TOPICAL TERM
Topical term or geographic name as entry element Time management.
650 ## - SUBJECT ADDED ENTRY--TOPICAL TERM
General subdivision Distraction (Psychology).
Holdings
Withdrawn status Lost status Damaged status Home library Current library Shelving location Date acquired Cost, normal purchase price Total Checkouts Full call number Barcode Date last seen Price effective from Koha item type
      South Mansfield College South Mansfield College   01/08/2020 652.80   MAIN BF 637.T5 .B35 2016 SMC06285 06/01/2020 06/01/2020 Books

The Productivity project :

APA

Bailey C., .The Productivity project. New York: .

Chicago

Bailey Chris, .The Productivity project. New York: .

Harvard

Bailey C., .The Productivity project. New York: .

MLA

Bailey Chris, .New York: . .

  • Place hold
  • Print
  • Cite
  • Add to your cart (remove)
  • Save record
    BIBTEX Dublin Core MARCXML MARC (non-Unicode/MARC-8) MARC (Unicode/UTF-8) MARC (Unicode/UTF-8, Standard) MODS (XML) RIS
  • More searches
    Search for this title in:
    Other Libraries (WorldCat) Other Databases (Google Scholar) Online Stores (Bookfinder.com) Open Library (openlibrary.org)

Exporting to Dublin Core...

SOUTHVILLE LIBRARY

Southville International School and Colleges Library

1281 Tropical Ave. Cor. Luxembourg St., BF Homes International, Las Pinas City

Tel. No. 8256374 / 252358 Loc. 117/146

Powered by Koha